School building : today and tomorrow /

Պահպանված է:
Մատենագիտական մանրամասներ
Համատեղ հեղինակ: Organisation for Economic Co-operation and Development
Ձևաչափ: Գիրք
Լեզու:English
Հրապարակվել է: Paris : O.E.C.D., 1973.
Շարք:Organisation for Economic Cooperation and Development. Programme on Educational Building. Information leaflet no.1.
Խորագրեր:
LEADER 01042nam a2200241 i 4500
001 c000167438
003 CARM
005 20030731105628.0
008 850729s1973 enka i000 0 eng d
019 1 |a 22467201  |5 LACONCORD2021 
035 |a (OCoLC)222907258  |5 LACONCORD2021 
040 |a QUT  |b eng 
245 0 0 |a School building :  |b today and tomorrow /  |c Organisation for Economic Cooperation and Development. 
260 |a Paris :  |b O.E.C.D.,  |c 1973. 
300 |a vi, 21p. :  |b ill. ;  |c 29 cm. 
440 0 |a Organisation for Economic Cooperation and Development. Programme on Educational Building. Information leaflet  |v no.1. 
500 |a Cover title. 
650 0 |a School buildings. 
650 0 |a School buildings  |x Design and construction. 
710 2 |a Organisation for Economic Co-operation and Development. 
852 8 |b CARM  |h A3:AB06E0  |i D06569  |p 0232252  |f BK 
999 f f |i fbc1f794-d982-5f05-b932-3a40abfbf11a  |s 43d768a8-388b-5801-b70c-2d007a5cd1bb 
952 f f |p Can circulate  |a CAVAL  |b CAVAL  |c CAVAL  |d CARM 1 Store  |e D06569  |f A3:AB06E0  |h Other scheme  |i book  |m 0232252